Bayern München Full Squad (2000-) - Statistics

General Stats
  • This quiz has been taken 2,362 times
    1,692 since last reset
  • The average score is 368 of 625
Answer Stats
Year # Pos/Country Answer % Correct
2011-2012 1 GK Manuel Neuer
99%
2012-2013 1 GK Manuel Neuer
99%
2013-2014 1 GK Manuel Neuer
99%
2014-2015 1 GK Manuel Neuer
99%
2015-2016 1 GK Manuel Neuer
99%
2016-2017 1 GK Manuel Neuer
99%
2017-2018 1 GK Manuel Neuer
99%
2018-2019 1 GK Manuel Neuer
99%
2019-2020 1 GK Manuel Neuer
99%
2020-2021 1 GK Manuel Neuer
99%
2021-2022 1 GK Manuel Neuer
99%
2022-2023 1 GK Manuel Neuer
99%
2023-2024 1 GK Manuel Neuer
99%
2024-2025 1 GK Manuel Neuer
99%
2000-2001 1 GK Oliver Kahn
99%
2001-2002 1 GK Oliver Kahn
99%
2002-2003 1 GK Oliver Kahn
99%
2003-2004 1 GK Oliver Kahn
99%
2004-2005 1 GK Oliver Kahn
99%
2005-2006 1 GK Oliver Kahn
99%
2006-2007 1 GK Oliver Kahn
99%
2007-2008 1 GK Oliver Kahn
99%
2023-2024 9 FW Harry Kane
96%
2024-2025 9 FW Harry Kane
96%
2023-2024 3 DF Min-jae Kim
96%
2024-2025 3 DF Min-jae Kim
96%
2014-2015 9 FW Robert Lewandowski
96%
2015-2016 9 FW Robert Lewandowski
96%
2016-2017 9 FW Robert Lewandowski
96%
2017-2018 9 FW Robert Lewandowski
96%
2018-2019 9 FW Robert Lewandowski
96%
2019-2020 9 FW Robert Lewandowski
96%
2020-2021 9 FW Robert Lewandowski
96%
2021-2022 9 FW Robert Lewandowski
96%
2018-2019 19 DF Alphonso Davies
94%
2019-2020 19 DF Alphonso Davies
94%
2020-2021 19 DF Alphonso Davies
94%
2021-2022 19 DF Alphonso Davies
94%
2022-2023 19 DF Alphonso Davies
94%
2023-2024 19 DF Alphonso Davies
94%
2024-2025 19 DF Alphonso Davies
94%
2009-2010 10 FW Arjen Robben
94%
2010-2011 10 FW Arjen Robben
94%
2011-2012 10 FW Arjen Robben
94%
2012-2013 10 FW Arjen Robben
94%
2013-2014 10 FW Arjen Robben
94%
2014-2015 10 FW Arjen Robben
94%
2015-2016 10 FW Arjen Robben
94%
2016-2017 10 FW Arjen Robben
94%
2017-2018 10 FW Arjen Robben
94%
2018-2019 10 FW Arjen Robben
94%
2007-2008 7 FW Franck Ribéry
94%
2008-2009 7 FW Franck Ribéry
94%
2009-2010 7 FW Franck Ribéry
94%
2010-2011 7 FW Franck Ribéry
94%
2011-2012 7 FW Franck Ribéry
94%
2012-2013 7 FW Franck Ribéry
94%
2013-2014 7 FW Franck Ribéry
94%
2014-2015 7 FW Franck Ribéry
94%
2015-2016 7 FW Franck Ribéry
94%
2016-2017 7 FW Franck Ribéry
94%
2017-2018 7 FW Franck Ribéry
94%
2018-2019 7 FW Franck Ribéry
94%
2008-2009 25 FW Thomas Müller
94%
2009-2010 25 FW Thomas Müller
94%
2010-2011 25 FW Thomas Müller
94%
2011-2012 25 FW Thomas Müller
94%
2012-2013 25 FW Thomas Müller
94%
2013-2014 25 FW Thomas Müller
94%
2014-2015 25 FW Thomas Müller
94%
2015-2016 25 FW Thomas Müller
94%
2016-2017 25 FW Thomas Müller
94%
2017-2018 25 FW Thomas Müller
94%
2018-2019 25 FW Thomas Müller
94%
2019-2020 25 FW Thomas Müller
94%
2020-2021 25 FW Thomas Müller
94%
2021-2022 25 FW Thomas Müller
94%
2022-2023 25 FW Thomas Müller
94%
2023-2024 25 FW Thomas Müller
94%
2024-2025 25 FW Thomas Müller
94%
2015-2016 32 MF Joshua Kimmich
93%
2016-2017 32 MF Joshua Kimmich
93%
2017-2018 32 MF Joshua Kimmich
93%
2018-2019 32 MF Joshua Kimmich
93%
2019-2020 32 MF Joshua Kimmich
93%
2020-2021 6 MF Joshua Kimmich
93%
2021-2022 6 MF Joshua Kimmich
93%
2022-2023 6 MF Joshua Kimmich
93%
2023-2024 6 MF Joshua Kimmich
93%
2024-2025 6 MF Joshua Kimmich
93%
2020-2021 10 FW Leroy Sané
92%
2021-2022 10 FW Leroy Sané
92%
2022-2023 10 FW Leroy Sané
92%
2023-2024 10 FW Leroy Sané
92%
2024-2025 10 FW Leroy Sané
92%
2021-2022 2 DF Dayot Upamecano
91%
2022-2023 2 DF Dayot Upamecano
91%
2023-2024 2 DF Dayot Upamecano
91%
2024-2025 2 DF Dayot Upamecano
91%
2015-2016 29 FW Kingsley Coman
91%
2016-2017 29 FW Kingsley Coman
91%
2017-2018 29 FW Kingsley Coman
91%
2018-2019 29 FW Kingsley Coman
91%
2019-2020 29 FW Kingsley Coman
91%
2020-2021 29 FW Kingsley Coman
91%
2021-2022 11 FW Kingsley Coman
91%
2022-2023 11 FW Kingsley Coman
91%
2023-2024 11 FW Kingsley Coman
91%
2024-2025 11 FW Kingsley Coman
91%
2009-2010 27 DF David Alaba
89%
2010-2011 27 DF David Alaba
89%
2011-2012 27 DF David Alaba
89%
2012-2013 27 DF David Alaba
89%
2013-2014 27 DF David Alaba
89%
2014-2015 27 DF David Alaba
89%
2015-2016 27 DF David Alaba
89%
2016-2017 27 DF David Alaba
89%
2017-2018 27 DF David Alaba
89%
2018-2019 27 DF David Alaba
89%
2019-2020 27 DF David Alaba
89%
2020-2021 27 DF David Alaba
89%
2018-2019 18 MF Leon Goretzka
89%
2019-2020 18 MF Leon Goretzka
89%
2020-2021 18 MF Leon Goretzka
89%
2021-2022 8 MF Leon Goretzka
89%
2022-2023 8 MF Leon Goretzka
89%
2023-2024 8 MF Leon Goretzka
89%
2024-2025 8 MF Leon Goretzka
89%
2018-2019 22 FW Serge Gnabry
89%
2019-2020 22 FW Serge Gnabry
89%
2020-2021 7 FW Serge Gnabry
89%
2021-2022 7 FW Serge Gnabry
89%
2022-2023 7 FW Serge Gnabry
89%
2023-2024 7 FW Serge Gnabry
89%
2024-2025 7 FW Serge Gnabry
89%
2005-2006 21 DF Philipp Lahm
88%
2006-2007 21 DF Philipp Lahm
88%
2007-2008 21 DF Philipp Lahm
88%
2008-2009 21 DF Philipp Lahm
88%
2009-2010 21 DF Philipp Lahm
88%
2010-2011 21 DF Philipp Lahm
88%
2011-2012 21 DF Philipp Lahm
88%
2012-2013 21 DF Philipp Lahm
88%
2013-2014 21 DF Philipp Lahm
88%
2014-2015 21 DF Philipp Lahm
88%
2015-2016 21 DF Philipp Lahm
88%
2016-2017 21 DF Philipp Lahm
88%
2011-2012 17 DF Jérôme Boateng
87%
2012-2013 17 DF Jérôme Boateng
87%
2013-2014 17 DF Jérôme Boateng
87%
2014-2015 17 DF Jérôme Boateng
87%
2015-2016 17 DF Jérôme Boateng
87%
2016-2017 17 DF Jérôme Boateng
87%
2017-2018 17 DF Jérôme Boateng
87%
2018-2019 17 DF Jérôme Boateng
87%
2019-2020 17 DF Jérôme Boateng
87%
2020-2021 17 DF Jérôme Boateng
87%
2006-2007 32 DF Mats Hummels
87%
2016-2017 5 DF Mats Hummels
87%
2017-2018 5 DF Mats Hummels
87%
2018-2019 5 DF Mats Hummels
87%
2012-2013 8 DF Javi Martínez
85%
2013-2014 8 DF Javi Martínez
85%
2014-2015 8 DF Javi Martínez
85%
2015-2016 8 DF Javi Martínez
85%
2016-2017 8 DF Javi Martínez
85%
2017-2018 8 DF Javi Martínez
85%
2018-2019 8 DF Javi Martínez
85%
2019-2020 8 DF Javi Martínez
85%
2020-2021 8 DF Javi Martínez
85%
2012-2013 9 FW Mario Mandžukić
85%
2013-2014 9 FW Mario Mandžukić
85%
2017-2018 11 MF James Rodríguez
84%
2018-2019 11 MF James Rodríguez
84%
2013-2014 6 MF Thiago Alcántara
84%
2014-2015 6 MF Thiago Alcántara
84%
2015-2016 6 MF Thiago Alcántara
84%
2016-2017 6 MF Thiago Alcántara
84%
2017-2018 6 MF Thiago Alcántara
84%
2018-2019 6 MF Thiago Alcántara
84%
2019-2020 6 MF Thiago Alcántara
84%
2015-2016 23 MF Arturo Vidal
83%
2016-2017 23 MF Arturo Vidal
83%
2017-2018 23 MF Arturo Vidal
83%
2023-2024 15 DF Eric Dier
83%
2024-2025 15 DF Eric Dier
83%
2002-2003 31 MF Bastian Schweinsteiger
82%
2003-2004 31 MF Bastian Schweinsteiger
82%
2004-2005 31 MF Bastian Schweinsteiger
82%
2005-2006 31 MF Bastian Schweinsteiger
82%
2006-2007 31 MF Bastian Schweinsteiger
82%
2007-2008 31 MF Bastian Schweinsteiger
82%
2008-2009 31 MF Bastian Schweinsteiger
82%
2009-2010 31 MF Bastian Schweinsteiger
82%
2010-2011 31 MF Bastian Schweinsteiger
82%
2011-2012 31 MF Bastian Schweinsteiger
82%
2012-2013 31 MF Bastian Schweinsteiger
82%
2013-2014 31 MF Bastian Schweinsteiger
82%
2014-2015 31 MF Bastian Schweinsteiger
82%
2020-2021 13 FW Eric-Maxim Choupo-Moting
81%
2021-2022 13 FW Eric-Maxim Choupo-Moting
81%
2022-2023 13 FW Eric-Maxim Choupo-Moting
81%
2023-2024 13 FW Eric-Maxim Choupo-Moting
81%
2022-2023 4 DF Matthijs de Ligt
81%
2023-2024 4 DF Matthijs de Ligt
81%
2012-2013 4 DF Dante
78%
2013-2014 4 DF Dante
78%
2014-2015 4 DF Dante
78%
2020-2021 42 MF Jamal Musiala
78%
2021-2022 42 MF Jamal Musiala
78%
2022-2023 42 MF Jamal Musiala
78%
2023-2024 42 MF Jamal Musiala
78%
2024-2025 42 MF Jamal Musiala
78%
2015-2016 26 GK Sven Ulreich
78%
2016-2017 26 GK Sven Ulreich
78%
2017-2018 26 GK Sven Ulreich
78%
2018-2019 26 GK Sven Ulreich
78%
2019-2020 26 GK Sven Ulreich
78%
2021-2022 26 GK Sven Ulreich
78%
2022-2023 26 GK Sven Ulreich
78%
2023-2024 26 GK Sven Ulreich
78%
2024-2025 26 GK Sven Ulreich
78%
2019-2020 5 DF Benjamin Pavard
76%
2020-2021 5 DF Benjamin Pavard
76%
2021-2022 5 DF Benjamin Pavard
76%
2022-2023 5 DF Benjamin Pavard
76%
2022-2023 17 FW Sadio Mané
76%
2015-2016 11 FW Douglas Costa
74%
2016-2017 11 FW Douglas Costa
74%
2020-2021 11 FW Douglas Costa
74%
2024-2025 17 FW Michael Olise
74%
2011-2012 13 DF Rafinha
74%
2012-2013 13 DF Rafinha
74%
2013-2014 13 DF Rafinha
74%
2014-2015 13 DF Rafinha
74%
2015-2016 13 DF Rafinha
74%
2016-2017 13 DF Rafinha
74%
2017-2018 13 DF Rafinha
74%
2018-2019 13 DF Rafinha
74%
2000-2001 14 FW Claudio Pizarro
73%
2001-2002 14 FW Claudio Pizarro
73%
2002-2003 14 FW Claudio Pizarro
73%
2003-2004 14 FW Claudio Pizarro
73%
2004-2005 14 FW Claudio Pizarro
73%
2005-2006 14 FW Claudio Pizarro
73%
2006-2007 14 FW Claudio Pizarro
73%
2012-2013 14 FW Claudio Pizarro
73%
2013-2014 14 FW Claudio Pizarro
73%
2014-2015 14 FW Claudio Pizarro
73%
2023-2024 27 MF Konrad Laimer
73%
2024-2025 27 MF Konrad Laimer
73%
2014-2015 3 MF Xabi Alonso
73%
2015-2016 14 MF Xabi Alonso
73%
2016-2017 14 MF Xabi Alonso
73%
2019-2020 21 DF Lucas Hernández
72%
2020-2021 21 DF Lucas Hernández
72%
2021-2022 21 DF Lucas Hernández
72%
2022-2023 21 DF Lucas Hernández
72%
2021-2022 18 MF Marcel Sabitzer
72%
2022-2023 18 MF Marcel Sabitzer
72%
2017-2018 4 DF Niklas Süle
72%
2018-2019 4 DF Niklas Süle
72%
2019-2020 4 DF Niklas Süle
72%
2020-2021 4 DF Niklas Süle
72%
2021-2022 4 DF Niklas Süle
72%
2023-2024 22 DF Raphaël Guerreiro
72%
2024-2025 22 DF Raphaël Guerreiro
72%
2009-2010 33 FW Mario Gómez
71%
2010-2011 33 FW Mario Gómez
71%
2011-2012 33 FW Mario Gómez
71%
2012-2013 33 FW Mario Gómez
71%
2013-2014 19 MF Mario Götze
71%
2014-2015 19 MF Mario Götze
71%
2015-2016 19 MF Mario Götze
71%
2019-2020 10 MF Philippe Coutinho
70%
2012-2013 11 MF Xherdan Shaqiri
70%
2013-2014 11 MF Xherdan Shaqiri
70%
2014-2015 11 MF Xherdan Shaqiri
70%
2017-2018 24 MF Corentin Tolisso
69%
2018-2019 24 MF Corentin Tolisso
69%
2019-2020 24 MF Corentin Tolisso
69%
2020-2021 24 MF Corentin Tolisso
69%
2021-2022 24 MF Corentin Tolisso
69%
2007-2008 18 FW Miroslav Klose
69%
2008-2009 18 FW Miroslav Klose
69%
2009-2010 18 FW Miroslav Klose
69%
2010-2011 18 FW Miroslav Klose
69%
2007-2008 39 MF Toni Kroos
68%
2008-2009 39 MF Toni Kroos
68%
2010-2011 39 MF Toni Kroos
68%
2011-2012 39 MF Toni Kroos
68%
2012-2013 39 MF Toni Kroos
68%
2013-2014 39 MF Toni Kroos
68%
2022-2023 27 GK Yann Sommer
67%
2006-2007 5 DF Daniel Van Buyten
66%
2007-2008 5 DF Daniel Van Buyten
66%
2008-2009 5 DF Daniel Van Buyten
66%
2009-2010 5 DF Daniel Van Buyten
66%
2010-2011 5 DF Daniel Van Buyten
66%
2011-2012 5 DF Daniel Van Buyten
66%
2012-2013 5 DF Daniel Van Buyten
66%
2013-2014 5 DF Daniel Van Buyten
66%
2019-2020 14 FW Ivan Perišić
66%
2007-2008 9 FW Luca Toni
66%
2008-2009 9 FW Luca Toni
66%
2009-2010 9 FW Luca Toni
66%
2014-2015 5 DF Medhi Benatia
66%
2015-2016 5 DF Medhi Benatia
66%
2021-2022 44 DF Josip Stanisic
62%
2022-2023 44 DF Josip Stanisic
62%
2024-2025 44 DF Josip Stanisic
62%
2023-2024 45 MF Aleksandar Pavlovic
61%
2024-2025 45 MF Aleksandar Pavlovic
61%
2009-2010 11 FW Ivica Olic
61%
2010-2011 11 FW Ivica Olic
61%
2011-2012 11 FW Ivica Olic
61%
2022-2023 40 DF Noussair Mazraoui
61%
2023-2024 40 DF Noussair Mazraoui
61%
2003-2004 6 DF Martín Demichelis
60%
2004-2005 6 DF Martín Demichelis
60%
2005-2006 6 DF Martín Demichelis
60%
2006-2007 6 DF Martín Demichelis
60%
2007-2008 6 DF Martín Demichelis
60%
2008-2009 6 DF Martín Demichelis
60%
2009-2010 6 DF Martín Demichelis
60%
2010-2011 6 DF Martín Demichelis
60%
2022-2023 39 FW Mathys Tel
60%
2023-2024 39 FW Mathys Tel
60%
2024-2025 39 FW Mathys Tel
60%
2024-2025 21 DF Hiroki Ito
59%
2014-2015 18 DF Juan Bernat
58%
2015-2016 18 DF Juan Bernat
58%
2016-2017 18 DF Juan Bernat
58%
2017-2018 14 DF Juan Bernat
58%
2011-2012 36 MF Emre Can
57%
2012-2013 36 MF Emre Can
57%
2024-2025 16 MF João Palhinha
57%
2004-2005 3 DF Lúcio
57%
2005-2006 3 DF Lúcio
57%
2006-2007 3 DF Lúcio
57%
2007-2008 3 DF Lúcio
57%
2008-2009 3 DF Lúcio
57%
2002-2003 13 MF Michael Ballack
57%
2003-2004 13 MF Michael Ballack
57%
2004-2005 13 MF Michael Ballack
57%
2005-2006 13 MF Michael Ballack
57%
2009-2010 28 DF Holger Badstuber
56%
2010-2011 28 DF Holger Badstuber
56%
2011-2012 28 DF Holger Badstuber
56%
2012-2013 28 DF Holger Badstuber
56%
2014-2015 28 DF Holger Badstuber
56%
2015-2016 28 DF Holger Badstuber
56%
2016-2017 28 DF Holger Badstuber
56%
2006-2007 17 MF Mark van Bommel
55%
2007-2008 17 MF Mark van Bommel
55%
2008-2009 17 MF Mark van Bommel
55%
2009-2010 17 MF Mark van Bommel
55%
2010-2011 17 MF Mark van Bommel
55%
2000-2001 3 DF Bixente Lizarazu
54%
2001-2002 3 DF Bixente Lizarazu
54%
2002-2003 3 DF Bixente Lizarazu
54%
2003-2004 3 DF Bixente Lizarazu
54%
2004-2005 69 DF Bixente Lizarazu
54%
2005-2006 69 DF Bixente Lizarazu
54%
2006-2007 11 FW Lukas Podolski
54%
2007-2008 11 FW Lukas Podolski
54%
2008-2009 11 FW Lukas Podolski
54%
2008-2009 22 GK Hans Jörg Butt
53%
2009-2010 22 GK Hans Jörg Butt
53%
2010-2011 1 GK Hans Jörg Butt
53%
2011-2012 22 GK Hans Jörg Butt
53%
2007-2008 8 MF Hamit Altıntop
52%
2008-2009 8 MF Hamit Altıntop
52%
2009-2010 8 MF Hamit Altıntop
52%
2010-2011 8 MF Hamit Altıntop
52%
2000-2001 9 FW Giovane Élber
51%
2001-2002 9 FW Giovane Élber
51%
2002-2003 9 FW Giovane Élber
51%
2003-2004 9 FW Giovane Élber
51%
2016-2017 35 MF Renato Sanches
51%
2018-2019 35 MF Renato Sanches
51%
2019-2020 35 MF Renato Sanches
51%
2024-2025 18 GK Daniel Peretz
49%
2000-2001 23 MF Owen Hargreaves
48%
2001-2002 23 MF Owen Hargreaves
48%
2002-2003 23 MF Owen Hargreaves
48%
2003-2004 23 MF Owen Hargreaves
48%
2004-2005 23 MF Owen Hargreaves
48%
2005-2006 23 MF Owen Hargreaves
48%
2006-2007 23 MF Owen Hargreaves
48%
2012-2013 34 MF Pierre-Emile Højbjerg
48%
2013-2014 34 MF Pierre-Emile Højbjerg
48%
2014-2015 34 MF Pierre-Emile Højbjerg
48%
2015-2016 34 MF Pierre-Emile Højbjerg
48%
2003-2004 10 FW Roy Makaay
48%
2004-2005 10 FW Roy Makaay
48%
2005-2006 10 FW Roy Makaay
48%
2006-2007 10 FW Roy Makaay
48%
2000-2001 2 DF Willy Sagnol
48%
2001-2002 2 DF Willy Sagnol
48%
2002-2003 2 DF Willy Sagnol
48%
2003-2004 2 DF Willy Sagnol
48%
2004-2005 2 DF Willy Sagnol
48%
2005-2006 2 DF Willy Sagnol
48%
2006-2007 2 DF Willy Sagnol
48%
2007-2008 2 DF Willy Sagnol
48%
2002-2003 11 MF Zé Roberto
48%
2003-2004 11 MF Zé Roberto
48%
2004-2005 11 MF Zé Roberto
48%
2005-2006 11 MF Zé Roberto
48%
2007-2008 15 MF Zé Roberto
48%
2008-2009 15 MF Zé Roberto
48%
2020-2021 20 DF Bouna Sarr
47%
2021-2022 20 DF Bouna Sarr
47%
2023-2024 20 DF Bouna Sarr
47%
2000-2001 20 MF Hasan Salihamidzic
47%
2001-2002 20 MF Hasan Salihamidzic
47%
2002-2003 20 MF Hasan Salihamidzic
47%
2003-2004 20 MF Hasan Salihamidzic
47%
2004-2005 20 MF Hasan Salihamidzic
47%
2005-2006 20 MF Hasan Salihamidzic
47%
2006-2007 20 MF Hasan Salihamidzic
47%
2009-2010 44 MF Anatoliy Tymoshchuk
44%
2010-2011 44 MF Anatoliy Tymoshchuk
44%
2011-2012 44 MF Anatoliy Tymoshchuk
44%
2012-2013 44 MF Anatoliy Tymoshchuk
44%
2000-2001 24 FW Roque Santa Cruz
44%
2001-2002 24 FW Roque Santa Cruz
44%
2002-2003 24 FW Roque Santa Cruz
44%
2003-2004 24 FW Roque Santa Cruz
44%
2004-2005 24 FW Roque Santa Cruz
44%
2005-2006 24 FW Roque Santa Cruz
44%
2006-2007 24 FW Roque Santa Cruz
44%
2022-2023 22 DF João Cancelo
43%
2022-2023 38 MF Ryan Gravenberch
43%
2024-2025 23 DF Sacha Boey
43%
2010-2011 30 MF Luiz Gustavo
42%
2011-2012 30 MF Luiz Gustavo
42%
2012-2013 30 MF Luiz Gustavo
42%
2001-2002 8 MF Niko Kovac
42%
2002-2003 8 MF Niko Kovac
42%
2000-2001 12 DF Robert Kovac
42%
2001-2002 12 DF Robert Kovac
42%
2002-2003 5 DF Robert Kovac
42%
2003-2004 5 DF Robert Kovac
42%
2004-2005 5 DF Robert Kovac
42%
2024-2025 40 GK Jonas Urbig
40%
2000-2001 7 MF Mehmet Scholl
40%
2001-2002 7 MF Mehmet Scholl
40%
2002-2003 7 MF Mehmet Scholl
40%
2003-2004 7 MF Mehmet Scholl
40%
2004-2005 7 MF Mehmet Scholl
40%
2005-2006 7 MF Mehmet Scholl
40%
2006-2007 7 MF Mehmet Scholl
40%
2014-2015 23 GK Pepe Reina
39%
2007-2008 34 FW Sandro Wagner
39%
2017-2018 2 FW Sandro Wagner
39%
2018-2019 2 FW Sandro Wagner
39%
2000-2001 11 MF Stefan Effenberg
39%
2001-2002 11 MF Stefan Effenberg
39%
2000-2001 4 DF Samuel Kuffour
37%
2001-2002 4 DF Samuel Kuffour
37%
2002-2003 4 DF Samuel Kuffour
37%
2003-2004 4 DF Samuel Kuffour
37%
2004-2005 4 DF Samuel Kuffour
37%
2019-2020 35 FW Joshua Zirkzee
34%
2020-2021 14 FW Joshua Zirkzee
34%
2020-2021 35 GK Alexander Nübel
32%
2022-2023 23 DF Daley Blind
32%
2008-2009 13 FW Landon Donovan
32%
2012-2013 22 GK Tom Starke
32%
2013-2014 22 GK Tom Starke
32%
2016-2017 22 GK Tom Starke
32%
2017-2018 22 GK Tom Starke
32%
2019-2020 2 DF Álvaro Odriozola
31%
2009-2010 23 DF Danijel Pranjic
31%
2010-2011 23 DF Danijel Pranjic
31%
2011-2012 23 DF Danijel Pranjic
31%
2003-2004 22 GK Michael Rensing
30%
2004-2005 22 GK Michael Rensing
30%
2005-2006 22 GK Michael Rensing
30%
2006-2007 22 GK Michael Rensing
30%
2007-2008 22 GK Michael Rensing
30%
2008-2009 1 GK Michael Rensing
30%
2009-2010 1 GK Michael Rensing
30%
2020-2021 41 DF Chris Richards
29%
2021-2022 3 DF Omar Richards
29%
2004-2005 33 FW Paolo Guerrero
29%
2005-2006 33 FW Paolo Guerrero
29%
2023-2024 17 FW Bryan Zaragoza
28%
2004-2005 8 MF Torsten Frings
28%
2007-2008 35 DF Breno
26%
2008-2009 33 DF Breno
26%
2009-2010 15 DF Breno
26%
2010-2011 2 DF Breno
26%
2011-2012 2 DF Breno
26%
2009-2010 26 DF Diego Contento
26%
2010-2011 26 DF Diego Contento
26%
2011-2012 26 DF Diego Contento
26%
2012-2013 26 DF Diego Contento
26%
2013-2014 26 DF Diego Contento
26%
2020-2021 22 MF Marc Roca
26%
2021-2022 22 MF Marc Roca
26%
2000-2001 5 DF Patrik Andersson
26%
2019-2020 11 MF Michaël Cuisance
25%
2021-2022 17 MF Michaël Cuisance
25%
2014-2015 20 MF Sebastian Rode
25%
2015-2016 20 MF Sebastian Rode
25%
2017-2018 19 MF Sebastian Rudy
25%
2000-2001 19 FW Carsten Jancker
24%
2001-2002 19 FW Carsten Jancker
24%
2007-2008 20 MF José Sosa
24%
2008-2009 20 MF José Sosa
24%
2009-2010 20 MF José Sosa
24%
2010-2011 20 MF José Sosa
24%
2000-2001 16 MF Jens Jeremies
23%
2001-2002 16 MF Jens Jeremies
23%
2002-2003 16 MF Jens Jeremies
23%
2003-2004 16 MF Jens Jeremies
23%
2004-2005 16 MF Jens Jeremies
23%
2005-2006 16 MF Jens Jeremies
23%
2005-2006 8 MF Ali Karimi
22%
2006-2007 8 MF Ali Karimi
22%
2005-2006 39 MF Andreas Ottl
22%
2006-2007 39 MF Andreas Ottl
22%
2007-2008 16 MF Andreas Ottl
22%
2008-2009 16 MF Andreas Ottl
22%
2009-2010 16 MF Andreas Ottl
22%
2010-2011 16 MF Andreas Ottl
22%
2000-2001 25 DF Thomas Linke
22%
2001-2002 25 DF Thomas Linke
22%
2002-2003 25 DF Thomas Linke
22%
2003-2004 25 DF Thomas Linke
22%
2004-2005 25 DF Thomas Linke
22%
2021-2022 40 MF Malik Tillman
21%
2008-2009 23 DF Massimo Oddo
21%
2002-2003 26 MF Sebastian Deisler
21%
2003-2004 26 MF Sebastian Deisler
21%
2004-2005 26 MF Sebastian Deisler
21%
2005-2006 26 MF Sebastian Deisler
21%
2006-2007 26 MF Sebastian Deisler
21%
2015-2016 37 MF Julian Green
19%
2016-2017 37 MF Julian Green
19%
2020-2021 23 DF Tanguy Nianzou
19%
2021-2022 23 DF Tanguy Nianzou
19%
2000-2001 13 FW Paulo Sérgio
18%
2001-2002 13 FW Paulo Sérgio
18%
2007-2008 33 GK Thomas Kraft
18%
2008-2009 35 GK Thomas Kraft
18%
2010-2011 35 GK Thomas Kraft
18%
2003-2004 30 DF Christian Lell
17%
2006-2007 30 DF Christian Lell
17%
2007-2008 30 DF Christian Lell
17%
2008-2009 30 DF Christian Lell
17%
2009-2010 4 DF Edson Braafheid
17%
2010-2011 4 DF Edson Braafheid
17%
2022-2023 14 MF Paul Wanner
17%
2000-2001 10 MF Ciriaco Sforza
16%
2001-2002 10 MF Ciriaco Sforza
16%
2019-2020 28 MF Sarpreet Singh
16%
2000-2001 21 FW Alexander Zickler
15%
2001-2002 21 FW Alexander Zickler
15%
2002-2003 21 FW Alexander Zickler
15%
2018-2019 36 GK Christian Früchtl
15%
2011-2012 9 FW Nils Petersen
15%
2017-2018 15 DF Lukas Mai
14%
2000-2001 17 MF Thorsten Fink
14%
2001-2002 17 MF Thorsten Fink
14%
2002-2003 17 MF Thorsten Fink
14%
2003-2004 17 MF Thorsten Fink
14%
2007-2008 23 DF Marcell Jansen
13%
2008-2009 23 DF Marcell Jansen
13%
2000-2001 18 DF Michael Tarnat
13%
2001-2002 18 DF Michael Tarnat
13%
2002-2003 18 DF Michael Tarnat
13%
2015-2016 4 DF Serdar Taşçı
13%
2011-2012 14 FW Takashi Usami
13%
2008-2009 24 MF Tim Borowski
13%
2005-2006 25 DF Valérien Ismaël
13%
2000-2001 8 MF Thomas Strunz
12%
2018-2019 20 MF Woo-yeong Jeong
12%
2014-2015 16 MF Gianluca Gaudino
11%
2007-2008 19 FW Jan Schlaudraff
11%
2005-2006 19 MF Julio dos Santos
11%
2006-2007 19 MF Julio dos Santos
11%
2007-2008 14 MF Julio dos Santos
11%
2012-2013 23 DF Mitchell Weiser
11%
2013-2014 23 DF Mitchell Weiser
11%
2014-2015 30 DF Mitchell Weiser
11%
2004-2005 9 FW Vahid Hashemian
11%
2005-2006 29 GK Bernd Dreher
10%
2006-2007 29 GK Bernd Dreher
10%
2013-2014 15 MF Jan Kirchhoff
10%
2017-2018 34 DF Marco Friedl
10%
2002-2003 34 MF Piotr Trochowski
10%
2003-2004 34 MF Piotr Trochowski
10%
2003-2004 15 DF Tobias Rau
9%
2004-2005 15 DF Tobias Rau
9%
2004-2005 18 DF Andreas Görlitz
8%
2006-2007 18 DF Andreas Görlitz
8%
2023-2024 41 MF Frans Krätzig
8%
2019-2020 38 FW Kwasi Wriedt
8%
2023-2024 34 MF Lovro Zvonarek
8%
2001-2002 6 MF Pablo Thiam
8%
2002-2003 6 MF Pablo Thiam
8%
2013-2014 32 GK Lukas Raeder
7%
2000-2001 33 GK Stefan Wessels
7%
2001-2002 33 GK Stefan Wessels
7%
2002-2003 33 GK Stefan Wessels
7%
2009-2010 19 MF Alexander Baumjohann
6%
2001-2002 32 MF Markus Feulner
6%
2002-2003 32 MF Markus Feulner
6%
2003-2004 32 MF Markus Feulner
6%
2017-2018 18 FW Franck Evina
5%
2011-2012 24 GK Maximilian Riedmüller
5%
2000-2001 26 FW Antonio Di Salvo
4%
2001-2002 26 FW Antonio Di Salvo
4%
2016-2017 40 FW Fabian Benko
4%
2018-2019 37 MF Meritan Shabani
4%
2000-2001 6 MF Michael Wiesinger
4%
2011-2012 32 GK Rouven Sattelmaier
4%
2006-2007 34 FW Stefan Maierhofer
4%
2013-2014 38 DF Ylli Sallahi
3%
2016-2017 37 GK Leo Weinkauf
2%
2005-2006 36 GK Jan Schlösser
1%
No matching quizzes found
Score Distribution
Percent of People with Each Score
Percentile by Number Answered
Your Score History
You have not taken this quiz since the last reset